000 00231nam a22000857a 4500
008 160705b xxu||||| |||| 00| 0 eng d
100 _92090
_a Vallikannan
245 _aMadam Rides the Bus
260 _aNew Delhi
_bNational Book Trust
_c1982
999 _c1786
_d1786